000 00537nam a22001217a 4500
999 _c9356
_d9356
003 OSt
008 201203b ||||| |||| 00| 0 eng d
245 _aJournal Of Indian Water Resources Society
250 _a2016( Jan Vol.36 No.1, Apr Vol.36 No.2, Jul Vol.36 No.3, Oct Vol.36 No.4 ) 2017( Jan Vol.37 No.1, Apr Vol.37 No.2, Jul Vol.37 No.3, Oct Vol.37 No.4 ) 2018( Jan Vol.38 No.1, Apr Vol.38 No.2, Jul Vol.38 No.3, Oct Vol.38 No.4 )
260 _aNew Delhi
_bIndian Water Resources Society
650 _aCivil Engineering
942 _2ddc
_cBV